Library Hi Tech

Detalles Bibliográficos
Formato: eBook
Lenguaje:inglés
Publicado: Bingley: Emerald Group Publishing Limited, 1983 -
Materias:
Acceso en línea:Acceso restringido

MARC

LEADER 00000nam a22000007a 4500
005 20210212203155.0
007 cr|||| ||||
008 210212c19839999gb n|w s|||| 0|||b1eng d
022 |a 0737-8831 
035 |a 31951 
040 |a vLex 
090 |c 11151  |d 11151 
245 0 0 |a Library Hi Tech  |h [Recurso electrn̤ico] / 
256 |a Servicio en ln̕ea 
260 |a Bingley:  |b Emerald Group Publishing Limited,  |c 1983 - 
300 |a 1 recurso electrn̤ico 
310 |a Irrregular 
362 |a Nð 1-1 (Ene. 1983) - 
506 1 |a Disponible solo en los productos indicados  |d vLex Global  |d vLex Global (Academic Edition, excluding Law Schools)  |d vLex Global (U.S. Academic Edition, Law Schools)  |d vLex Global (U.S. Academic Edition, excluding Law Schools)  |d vLex Global (Academic Edition, Law Schools) 
650 0 4 |a Derecho de las Nuevas Tecnologa̕s  |z Reino Unido 
650 0 4 |a Ciencias aplicadas  |z Reino Unido 
740 0 |a vLex Revistas (Servicio en ln̕ea) 
856 4 0 |u http://vlex.com/source/31951  |z Acceso restringido 
942 |c REV 
999 0 |a New Technologies Law 
999 0 |a Applied Sciences